Detalles MARC
| 000 -LIDER |
| fixed length control field |
01310nam a2200325 a 4500 |
| 001 - NÚMERO DE CONTROL |
| Identificador de número de control |
000020535 |
| 003 - IDENTIFICACDOR DE NÚMERO DE CONTROL |
| control field |
DO-SdBNP |
| 005 - DATE AND TIME OF LATEST TRANSACTION |
| control field |
20211006112406.0 |
| 008 - ELEMENTOS DE LONGITUD FIJA |
| fixed length control field |
100810s1997 dr r 000 0 spa d |
| 040 ## - FUENTE DE CATALOGACIÓN |
| Agencia que crea de manera original el registro |
DO-SdBNP |
| Idioma de catalogación |
spa |
| Agencia que realiza la transcripción |
BPMSU |
| 082 ## - NÚMERO DE CLASIFICACIÓN DECIMAL DE DEWEY |
| Classification number |
338.642 |
| Item number |
M981c 1997 |
| Edition number |
22 |
| 100 1# - ASIENTO PRINCIPAL -- NOMBRE PERSONAL |
| Nombre personal |
Murray, Gerald F. |
| Fechas asociadas con el nombre |
1942-2021 |
| 245 13 - MENCIÓN DE TITULO |
| Título |
El colmado : |
| Subtítulo |
una exploración antropológica del negocio de comidas y bebidas en la República Dominicana / |
| Mención de responsabilidad |
Gerald F. Murray. |
| 246 14 - VARIACION DEL TÍTULO |
| Título propiamente dicho o título corto |
El colmado : |
| Subtítulo |
una investigación antropólogica |
| 250 ## - MENCIÓN DE EDICION |
| Mención de edición |
2a. ed. |
| 260 ## - PUBLICACIÓN, DISTRIBUCIÓN, ETC. (PIE DE IMPRENTA) |
| Lugar de publicación, distribución, etc |
Santo Domingo : |
| Nombre del editor, distribuidor, etc. |
FONDOMICRO, |
| Fecha de publicación, distribución, etc |
1997. |
| 300 ## - DESCRIPCIÓN FÍSICA |
| Extensión |
379 p. ; |
| Dimensiones |
23 cm. |
| Otros detalles físicos |
|
| 500 ## - NOTA GENERAL |
| Nota general |
Incluye referencias bibliográficas y notas al pie de las páginas. |
| 504 ## - NOTA DE BIBLIOGRAFÍA, ETC. |
| Bibliography, etc |
Bibliografía : p. 375-379 |
| 590 ## - NOTA LOCAL |
| Texto de la nota local |
Inventariado, 2021/VM |
| 650 #4 - ENCABEZAMIENTO DE MATERIA--TEMÁTICO |
| Término temático o nombre geográfico como elemento de entrada |
Ahorro e inversión |
| Subdivisión geográfica |
República Dominicana. |
| Subdivisión temática general |
|
| 650 #4 - ENCABEZAMIENTO DE MATERIA--TEMÁTICO |
| Término temático o nombre geográfico como elemento de entrada |
Comercialización de alimentos |
| Subdivisión geográfica |
República Dominicana |
| Subdivisión temática general |
|
| 650 #4 - ENCABEZAMIENTO DE MATERIA--TEMÁTICO |
| Término temático o nombre geográfico como elemento de entrada |
Microempresas |
| Subdivisión temática general |
Financiación |
| Subdivisión geográfica |
República Dominicana. |
| 650 #4 - ENCABEZAMIENTO DE MATERIA--TEMÁTICO |
| Término temático o nombre geográfico como elemento de entrada |
Negocios |
| Subdivisión geográfica |
República Dominicana |
| 700 1# - ASIENTO SECUNDARIO -- NOMBRE PERSONAL |
| Nombre personal |
Canals, Jeannette, |
| Mención de responsabilidad |
ed. |
| 710 2# - ASIENTO SECUNDARIO -- NOMBRE CORPORATIVO |
| Nombre corporativo o de jurisdicción |
Fondo para el Financiamiento de la Microempresa (República Dominicana) |
| 852 ## - LOCALIZACIÓN |
| Localización |
http://www.fondomicro.org/serve/listfile_download.aspx?id=872&num=1 |
| 910 ## - VALIDACIÓN |
| Validación |
VMateo V. |
| 942 ## - ADDED ENTRY ELEMENTS (KOHA) |
| Source of classification or shelving scheme |
Dewey Decimal Classification |
| Koha item type |
Libros |